000 00900nam a2200229 a 4500
001 BRCA_1423
005 20190320203424.0
008 031126s2004 txu#---##b---#000-0#eng-#
020 _a0870744895
050 4 _aNK4654
_b.G74 2004
245 1 0 _aGreek Vase Painting
_bForm, Figure, and Narrative : Treasures of the National Archaeological Museum in Madrid
_cedited by P. Gregory Warden.
260 _aDallas
_bMeadows Museum : SMU
_c2004
300 _a168 p.
_bil. (algunas a color)
_c24 cm.
500 _aCatálogo de la exposición realizada en el Meadows Museum (Dallas), 2004
504 _aBibliografía: p. 160-168
610 2 4 _aMuseo Arqueológico Nacional (España)
_vExposiciones
_94653
650 1 4 _aFloreros griegos
_vExposiciones
_94654
650 1 4 _aArte griego
_y(Edad de Hierro)
_94655
650 1 4 _aArte etrusco e itálico
_94656
700 1 _aWarden, P. Gregory
_94657
942 _2lcc
_cB
999 _c1285
_d1285